Memórias de um sargento de milícias (Record no. 145641)

MARC details
000 -LÍDER
campo de controle de tamanho fixo 00403 a2200169 4500
001 - NÚMERO DE CONTROLE
campo de controle 145641
040 ## - FONTE DA CATALOGAÇÃO
Instituição que transcreveu o registro Leonardo Da Vinci
041 ## - CÓDIGO DE IDIOMA
Código do idioma do texto/trilha sonora ou título diferente Português
082 ## - CDD - CLASSIFICAÇÃO DECIMAL DE DEWEY
Número de Classificação 869.93 A447m
Número do exemplar A447m
100 ## - ENTRADA PRINCIPAL--NOME PESSOAL
Nome pessoal ALMEIDA,Manuel Antônio de
245 ## - TÍTULO
Título Memórias de um sargento de milícias
260 ## - PUBLICAÇÃO, DISTRIBUIÇÃO, ETC.
Nome do editor, distribuidor, etc. Martin Claret
Data da publicação, distribuição, etc. 2012
Local de publicação, distribuição, etc. 2012
300 ## - DESCRIÇÃO FÍSICA
Extensão 204
362 ## - DATAS DE PUBLICAÇÃO E/OU DESIGNAÇÃO SEQUENCIAL
Datas de publicação e/ou designação sequencial 20120000
697 ## - ENTRADA DE ASSUNTO LOCAL--ENTIDADE COLETIVA (RLIN)
Nome corporativo ou nome da jurisdição Literatura
942 ## - ELEMENTOS DE ENTRADA ADICIONADOS (KOHA)
Tipo de material Koha Livros
Holdings
Situação do descarte Situação das perdas Situação física Não pode ser emprestado Biblioteca de origem Biblioteca atual Data de aquisição Total de empréstimos Número de chamada completo Código de barras Data de último acesso Data do preço efetivo Tipo de material Koha
        LEONARDO DA VINCI - BUTANTÃ LEONARDO DA VINCI - BUTANTÃ 27/03/2024   869.93 A447m B00013 27/03/2024 27/03/2024 Livros
        LEONARDO DA VINCI - BUTANTÃ LEONARDO DA VINCI - BUTANTÃ 27/03/2024   869.93 A447m T00852 27/03/2024 27/03/2024 Livros
        Leonardo Da Vinci - Alphaville 1 Leonardo Da Vinci - Alphaville 1 27/03/2024   869.93 A447m A00748LVA 27/03/2024 27/03/2024 Livros
        Leonardo Da Vinci - Osasco Leonardo Da Vinci - Osasco 27/03/2024   869.93 A447m V00269 27/03/2024 27/03/2024 Livros
        Leonardo Da Vinci - Osasco Leonardo Da Vinci - Osasco 27/03/2024   869.93 A447m O016787 27/03/2024 27/03/2024 Livros
        Leonardo Da Vinci - Osasco Leonardo Da Vinci - Osasco 27/03/2024   869.93 A447m O017094 27/03/2024 27/03/2024 Livros